000 00516cad a22002055a 4500
001 L159760
008 150226s2016 xxk f 000 0 eng d
035 _a(Sirsi) u159760
041 0 _aeng
100 1 _aMcMeeken, Roxane
245 0 0 _aChasing the dragon
260 _c2016
490 _aModus
_vJune 2016, 24-25 (2)
520 _aLooks at Chinese's investments into the world's real estate markets.
590 _aKA
650 2 4 _aPROPERTY
651 4 _aChina
690 _aInvestments
_96250
942 _n0
999 _c84965
_d84965